| 000 | 00000nam##2200000za#4500 |
| 001 | 9.603764 |
| 003 | CaOODSP |
| 005 | 20210624211231 |
| 007 | cr ||||||||||| |
| 008 | 150406|2005||||xxc|||||o f|0| 0 fre|d |
| 040 | |aCaOODSP|bfre |
| 043 | |an-cn--- |
| 086 | 1 |aT41-1/27F-PDF |
| 110 | 1 |aCanada. |bTransports Canada. |
| 245 | 10|aL'auto-partage au Canada : |h[ressource électronique]|bdes options de transport personnel plus écologiques |
| 260 | |aOttawa - Ontario : |bTransports Canada |cMai 2005. |
| 300 | |a5p.|bphotographies |
| 490 | 1 |aÉtudes de cas sur les transports durables|vÉtude de cas nº 27 |
| 500 | |aEn tête du titre : Programme de démonstration en transport urbain. «Montréal, Québect et Vancouver». |
| 590 | |a12-20-Supp|b2012-05-09 |
| 775 | 08|tCar sharing in Canada : |w(CaOODSP)9.573665 |
| 830 | #0|aÉtudes de cas sur les transports durables ;|vÉtude de cas nº 27|w(CaOODSP)9.503247 |
| 856 | 40|ahttp://publications.gc.ca|qPDF|s263 Ko|uhttps://publications.gc.ca/collections/collection_2012/tc/T41-1-27-fra.pdf|yÉtude de cas nº 27 |
| 986 | |aTP 14412 F |